Départements français (40-49) - Statistiques

Statistiques générales
  • Ce quiz a été pris 34 fois
  • Le résultat moyen est 8 sur 10
Statistiques - réponses
Hint Réponse % Correct
44 Loire-Atlantique
89%
43 Haute-Loire
86%
40 Landes
86%
42 Loire
86%
45 Loiret
79%
46 Lot
79%
47 Lot-et-Garonne
79%
49 Maine-et-Loire
75%
48 Lozère
71%
41 Loir-et-Cher
57%
Aucun quiz correspondant
Distribution des résultats
% des personnes avec chaque résultat
Percentile par nombre de réponses
Votre historique - résultats
Vous n’avez pas pris ce quiz